|
|
|
|
| LEADER |
00000nam a22000007a 4500 |
| 005 |
20140715163240.0 |
| 007 |
cr|||| |||| |
| 008 |
140715c20149999cl |||| s|||| 0|||a1spa d |
| 035 |
|
|
|a 12270
|
| 040 |
|
|
|a vLex
|
| 090 |
|
|
|c 5069
|d 5069
|
| 245 |
0 |
0 |
|a Jurisprudencia de la Araucana̕
|h [Recurso electrn̤ico] :
|b Revista del centro de Estudios Procesales
|
| 256 |
|
|
|a Servicio en ln̕ea
|
| 260 |
|
|
|a [s.l.] :
|b Universidad Mayor,
|c 2014 -
|
| 300 |
|
|
|a 1 recurso electrn̤ico
|
| 310 |
|
|
|a Irregular
|
| 506 |
0 |
4 |
|a Contenido disponible en los siguientes productos
|d vLex Global
|d vLex Global (Academic Edition, excluding Law Schools)
|d vLex Global (U.S. Academic Edition, Law Schools)
|d vLex Global (U.S. Academic Edition, excluding Law Schools)
|d vLex Global (Academic Edition, Law Schools)
|
| 650 |
0 |
4 |
|a Derecho procesal
|z Chile
|
| 650 |
0 |
4 |
|a Jurisprudencia
|z Chile
|
| 740 |
0 |
|
|a vLex Revista (Servicio en ln̕ea)
|
| 856 |
4 |
0 |
|u http://vlex.com/source/jurisprudencia-araucania-revista-centro-estudios-procesales-12270
|z Acceso restringido
|
| 942 |
|
|
|c REV
|
| 999 |
0 |
|
|a Procedure (Law)
|
| 999 |
0 |
|
|a Jurisprudence
|